All 25k+ cities in Europe starting with Q on a Map - Statistics

General Stats
  • This quiz has been taken 164 times
  • The average score is 2 of 7
Answers on the Map
Answers color-coded by a green-red scale on the quiz's map according to % correct below.
 
Answer Stats
Country Population City % Correct
France 63,166 Quimper
93%
Spain 25,062 Quart de Poblet
36%
Italy 68,283 Quartu Sant'Elena
33%
Portugal 75,169 Queluz
33%
Italy 39,451 Quarto
13%
Italy 26,566 Quarrata
6%
Italy 25,218 Qualiano
5%
No matching quizzes found
Score Distribution
Percent of People with Each Score
Percentile by Number Answered
Your Score History
You have not taken this quiz